000 00342 a2200109 4500
005 20250629102730.0
100 _aBANTURAKI,A.J
245 _aCooperatives and Poverty Alleviation
260 _aDodoma
_bTEMA Publishers Company.
_c2000
300 _axxiii,158p.:ill.,pictures,tables
_c21cm.
942 _2ddc
_cBKS
999 _c6259
_d6259